000 00692nam a2200229 a 4500
005 20210219152848.0
008 991125n 000 0 eng u
035 _aUPN01000063873
100 _aFowler, Frances C.
222 _aEDUCATIONAL ADMINISTRATION QUARTERLY
245 _aAmerican theory and french practice : a theoretical rationale for regulating school choice
300 _a452-472
362 _a1992 28, No. 4
505 _aFebrero 1993
653 0 _aACCIONES EDUCATIVAS (FINANCIAR)
653 0 _aELECCION ESCOLAR
653 0 _aPLURALISMO CULTURAL
653 0 _aPOLITICA EDUCATIVA
653 0 _aRELACION TEORIA-PRACTICA
904 _aAC
_b001684
905 _aArticulo
999 _c62317
_d62317